CONCEPTS AND MODEL OF INORGANIC CHEMISTRY (Record no. 9893)

MARC details
000 -LEADER
fixed length control field 01034nam a22001697a 4500
003 - CONTROL NUMBER IDENTIFIER
control field SGT
020 ## - INTERNATIONAL STANDARD BOOK NUMBER
International Standard Book Number 9788126509119
082 ## - DEWEY DECIMAL CLASSIFICATION NUMBER
Classification number 546,DOU
100 ## - MAIN ENTRY--PERSONAL NAME
Personal name DOUGLAS,BODIE
245 ## - TITLE STATEMENT
Title CONCEPTS AND MODEL OF INORGANIC CHEMISTRY
250 ## - EDITION STATEMENT
Edition statement 3RD
260 ## - PUBLICATION, DISTRIBUTION, ETC. (IMPRINT)
Place of publication, distribution, etc NEW DELHI
Name of publisher, distributor, etc WILEY
Year of Publication 2015
300 ## - PAGE DESCRIPTION
No. of Pages 928
650 ## - SUBJECT ADDED ENTRY--TOPICAL TERM
Topical term or geographic name as entry element INORGANIC CHEMISTRY
653 ## - KEYWORDS--INDEX TERM
Keyword term PART I SOME BASIC CONCEPTS • ATOMIC STRUCTURE AND THE PERIODIC TABLE • MOLECULAR MODELS • SYMMETRY PART II BONDING AND STRUCTURE • DISCRETE MOLECULES: MOLECULAR ORBITALS • INORGANIC SOLIDS: IONIC MODELS PART III CHEMICAL REACTIONS • ACIDS AND BASES • OXIDATION-REDUCTION REACTIONS PART IV COORDINATION CHEMISTRY • MODELS AND STEREOCHEMISTRY • SPECTRA AND BONDING PART V ORGANOMETALLIC CHEMISTRY • GENERAL PRINCIPLES • ORGANOMETALLIC REACTIONS, MECHANISMS AND CATALYSIS PART VI SELECTED TOPICS • CHEMISTRY OF SOME NONMETALS • CLUSTER AND CAGE COMPOUNDS • BIOINORGANIC CHEMISTRY
942 ## - ADDED ENTRY ELEMENTS (KOHA)
Source of classification or shelving scheme Dewey Decimal Classification
Koha item type FPS Books
Holdings
Withdrawn status Lost status Source of classification or shelving scheme Damaged status Not for loan Collection code Home library Current library Shelving location Date acquired Vendor Name Cost, normal purchase price SGTU Bill Number Total Checkouts Full call number Accession No. (Barcode) Date last seen Date last borrowed Bill Date Koha item type
    Dewey Decimal Classification     SCIENCE SGT Science & Social Sciences Library SGT Science & Social Sciences Library Text Book 10/09/2016 AHUJA BOOK 879.00 SGTU 7132 3 546,DOU PS2262 28/10/2020 14/03/2020 08/08/2016 FPS Books
    Dewey Decimal Classification   Not For Loan SCIENCE SGT Science & Social Sciences Library SGT Science & Social Sciences Library Reference Book 10/09/2016 AHUJA BOOK 879.00 SGTU 7132   546,DOU PS2263 10/09/2016   08/08/2016 FPS Books